Nursing basics for clinical practice. / (Record no. 9150)

MARC details
000 -LEADER
fixed length control field 02470cam a22004094a 4500
001 - CONTROL NUMBER
control field 15909582
003 - CONTROL NUMBER IDENTIFIER
control field OSt
005 - DATE AND TIME OF LATEST TRANSACTION
control field 20220817112037.0
008 - FIXED-LENGTH DATA ELEMENTS--GENERAL INFORMATION
fixed length control field 090915s2011 njua b 001 0 eng
010 ## - LIBRARY OF CONGRESS CONTROL NUMBER
LC control number 2009038339
015 ## - NATIONAL BIBLIOGRAPHY NUMBER
National bibliography number GBA9B5409
Source bnb
016 7# - NATIONAL BIBLIOGRAPHIC AGENCY CONTROL NUMBER
Record control number 101515176
Source DNLM
016 7# - NATIONAL BIBLIOGRAPHIC AGENCY CONTROL NUMBER
Record control number 015432641
Source Uk
020 ## - INTERNATIONAL STANDARD BOOK NUMBER
International Standard Book Number 9780136035480
020 ## - INTERNATIONAL STANDARD BOOK NUMBER
International Standard Book Number 0136035485
035 ## - SYSTEM CONTROL NUMBER
System control number (OCoLC)ocn436968434
040 ## - CATALOGING SOURCE
Original cataloging agency DNLM/DLC
Transcribing agency LC
Modifying agency YDX
-- NLM
-- YDXCP
-- BWX
-- UKM
-- DLC
042 ## - AUTHENTICATION CODE
Authentication code pcc
050 00 - LIBRARY OF CONGRESS CALL NUMBER
Classification number RT41.B3912
060 00 - NATIONAL LIBRARY OF MEDICINE CALL NUMBER
Classification number 2010 D-798
082 00 - DEWEY DECIMAL CLASSIFICATION NUMBER
Classification number 610.73
Edition number 22
100 1# - MAIN ENTRY--PERSONAL NAME
Personal name Berman, Audrey.
9 (RLIN) 189
245 10 - TITLE STATEMENT
Title Nursing basics for clinical practice. /
Statement of responsibility, etc. Audrey Berman, Shirlee J. Snyder, Debra S. McKinney.
260 ## - PUBLICATION, DISTRIBUTION, ETC.
Place of publication, distribution, etc. Upper Saddle River, N.J.:
Name of publisher, distributor, etc. Pearson,
Date of publication, distribution, etc. 2011.
300 ## - PHYSICAL DESCRIPTION
Extent xxi, 1182, [62] p. :
Other physical details ill. (chiefly col.) ;
Dimensions 28 cm.
504 ## - BIBLIOGRAPHY, ETC. NOTE
Bibliography, etc. note Includes bibliographical references and index.
505 ## - FORMATTED CONTENTS NOTE
Formatted contents note Contents: The nature of nursing: Principles of nursing and evidence-based practice -- Legal and ethical aspects of nursing -- Health care delivery systems -- Culture and heritage -- Health beliefs and practices -- The Nursing process: Critical thinking and clinical reasoning -- The nursing process -- Informatics, documentation and reporting -- Development and family health: Promoting health throughout the lifespan -- Promoting health in elders -- Promoting health in the family -- Integral aspects of nursing: Caring -- Communication -- Teaching -- Leading, managing and delegating -- Assessing health: Vital signs -- Health assessment -- Pain management -- Integral components of client care: Asepsis -- Diagnostic testing -- Safety -- Hygiene -- Medications -- Skin Integrity and wound care -- Perioperative nursing -- Promoting psychosocial health: Sensory perception -- Self-concept -- Sexuality -- Spiritually -- Coping with stress, loss and death -- Promoting physiologic health: Activity, exercise and sleep -- Nutrition -- Urinary elimination -- Fecal elimination -- Oxygenation and circulation -- Fluid, electrolyte and acid-base -- <br/>
650 #0 - SUBJECT ADDED ENTRY--TOPICAL TERM
Topical term or geographic name entry element Nursing.
9 (RLIN) 102
650 12 - SUBJECT ADDED ENTRY--TOPICAL TERM
Topical term or geographic name entry element Nursing Process.
9 (RLIN) 104
650 22 - SUBJECT ADDED ENTRY--TOPICAL TERM
Topical term or geographic name entry element Nursing
General subdivision methods.
9 (RLIN) 190
650 22 - SUBJECT ADDED ENTRY--TOPICAL TERM
Topical term or geographic name entry element Nursing Care
General subdivision methods.
9 (RLIN) 191
700 1# - ADDED ENTRY--PERSONAL NAME
Personal name Snyder, Shirlee J.
9 (RLIN) 192
700 1# - ADDED ENTRY--PERSONAL NAME
Personal name McKinney, Debra S.
9 (RLIN) 193
906 ## - LOCAL DATA ELEMENT F, LDF (RLIN)
a 7
b cbc
c orignew
d 1
e ecip
f 20
g y-gencatlg
942 ## - ADDED ENTRY ELEMENTS (KOHA)
Source of classification or shelving scheme Library of Congress Classification
Koha item type Books
Holdings
Withdrawn status Lost status Source of classification or shelving scheme Damaged status Not for loan Home library Current library Shelving location Date acquired Total Checkouts Full call number Barcode Date last seen Price effective from Koha item type
    Library of Congress Classification     WISCONSIN INTERNATIONAL UNIVERSITY COLLEGE, GHANA KUMASI LIBRARY WISCONSIN INTERNATIONAL UNIVERSITY COLLEGE, GHANA KUMASI LIBRARY nursing 29/11/2019   RT41.B3912 KSN/907/907/19 17/08/2022 17/08/2022 Books

If you have any concerns or questions; kindly contact the library


© Powered by WIUC ICT DIRECTORATE